000 00685nam a2200289Ia 4500
005 20260324121617.0
008 008 260324s9999 xx 000 0 eng d
020 _a9780203555590
037 _aEBOOK
040 _aCRL
040 _beng
040 _cCRL
041 _2eng
041 _aeng
084 _qCRL
100 _aChristian Le Mière
_91163175
245 0 _aMaritime Diplomacy in the 21st Century
245 0 _bDrivers and Challenges
260 _bTaylor and Francis
260 _c2014
365 _a
365 _b265
856 _uhttp://www.taylorfrancis.com/books/9780203555590
942 _cEBOOK
999 _c1755403
_d1755403